Регионална библиотека "Любен Каравелов" - Русе

L'Amour des ivoires (Запис номер 210084)

MARC детайли
000 -Лидер
Контролно поле с фиксирана дължина 01335nkm a2200385 c 4500
003 - Код на организацията, давaща контролен номер
Контролно поле BLK
005 - Дата и час на последна редакция
Контролно поле 20200429152924.0
008 - Елементи от данни с фиксирана дължина
fixed length control field 180412b bul rap|r|||| r0| ||bulo|
010 ## - Наследен системен номер
LC control number KNG00161730000
020 ## - Международен стандартен номер на книга ISBN
Международен стандартен номер на книга ISBN 2-7072-0093-Х
040 ## - Източник на каталожния запис
Идентификатор на билиотеката - собственик на записа BLK
041 ## - Код за език
Код за езика на текст/звукозапис или на отделно заглавие Френски
Код за езика КДБФ Френски
080 ## - УДК
Текстов определител УДК Художествени изделия из слонова кост, рога, кости и др.
УДК код - определител по УДК 745.55
УДК - код + определител 745.55
100 1# - Редна дума - Автор
Автор Mannoni, Edith
Авторска отговорност първи автор
R(LIN) 17766
139 ## - Редно поле
Редна дума Mannoni, Edith
Авторски знак Mann - M 25
Feature heading М 27 Е
245 10 - Сведения за заглавието
Заглавие L'Amour des ivoires
Редно поле (дума) Edith Mannoni.
257 ## - Страна на издаване
Страна на създаване/издаване Франция
260 ## - Област на издателските данни
Име на издателя, разпространителя и проч. Ch. Massin
Година на издаване 1984
300 ## - Физическа характеристика
Страници 64 p.
Илюстрации и др. ill.
Размери/Мащаб 32 cm
380 ## - Жанр
Жанр Изкуство
650 #4 - Допълнително описание по предмет – тема
Основно описание – тема или топоним Приложно и декоративно изкуство
9 (RLIN) 248151
653 ## - Ключова дума – ненормативна
Ключова дума малки пластики
653 ## - Ключова дума – ненормативна
Ключова дума слонова кост
653 ## - Ключова дума – ненормативна
Ключова дума еротика
653 ## - Ключова дума – ненормативна
Ключова дума пластични изкуства
653 ## - Ключова дума – ненормативна
Ключова дума ветрила
653 ## - Ключова дума – ненормативна
Ключова дума часовници
653 ## - Ключова дума – ненормативна
Ключова дума печати
653 ## - Ключова дума – ненормативна
Ключова дума антиквариат
852 ## - Местоположение
Форматна сигнатура Цб Гр А ІІ 3358
856 4# - Електронен адрес и достъп
Електронен формат pdf - файл
Път до файла /url/
856 4# - Електронен адрес и достъп
Електронен формат pdf - файл
Път до файла /url/
999 ## - СИСТЕМНИ КОНТРОЛНИ НОМЕРА
Koha biblionumber 210084
Koha biblioitemnumber 210084
942 ## - АРТИКУЛИ
Вид на библиотечния материал Графични издания
Скрит в OPAC Не
Периодичен библиозапис Да
944 ## - СЪЗДАВАНЕ И РЕДАКЦИЯ на ЗАПИСА
Създаване/Редакция Създаване
Дата на регистрацията/редакция 05.06.2014
Статус, дата на статуса 05.06.2014 - от С1,Р / 05.06.2014
Служител, извършил регистрацията/редакцията Камелия_Данева
944 ## - СЪЗДАВАНЕ И РЕДАКЦИЯ на ЗАПИСА
Създаване/Редакция Редакция
Дата на регистрацията/редакция 10.10.2015
Статус, дата на статуса 05.06.2014 - от С1,Р / 05.06.2014
Служител, извършил регистрацията/редакцията Ирена_Линкова
999 ## - СИСТЕМНИ КОНТРОЛНИ НОМЕРА
Koha biblioitemnumber 210084
Наличности
Код за отписване Код за изгубен артикул Източник на класификационната схема Код за повреда Коз за рестрикции Код за отдаване Артикулен № Име на библиотеката - собственик Име на библиотеката, в която се намира в момента Статус (Текущо местоположение) Дата на вписване в системата Местоположение - отдел Цена в лева Инвентарен номер Систематично азбучна сигнатура Баркод Номер на екземпляра Цена в евро Служебна бележка Служебен тип на артикула
  Не е изгубен Universal Decimal Classification Не е повреден без рестрикции заемане за дома 361570 Регионална библиотека "Любен Каравелов" Русе Регионална библиотека "Любен Каравелов" Русе Отдел Изкуство - подръчен фонд 1984-01-01 Отдел Изкуство - подръчен фонд 12.26 458348 745/749/М 27 Е 120000458348 1 6.27 Дост: Pk Вид: Ф N: стар фонд Дата: 01.01.1984 Дата инв: 03.06.2015 Бележки инв: ГрИ2015 Графични издания
Vip Innovations Ltd, Rousse, Bulgaria 2025